1652 1626 1175 1491 1876 1907 1750 1541 1208 1697 1315 1205 1354 1469 1519 1089 1371 1835 1311 1028 1647 1978 1983 1650 1875 1810 1627 1619 1850 1237 1803 1540 1041 1721 1701 1539 1683 1744 1034 1858 1741 1098 1683 1348 1807 1902 1913 1783 1817 1307 1252 1866 1362 1601 1003 1305 1125 1112 1122 1341 1046 1537 1684 1914 1824 1017 1066 1009 1492 1826 1068 1240 1535 1003 1815 1585 1586 1821 1442 1769 1955 1340 1670 1450 1962 1658 1406 1224 1251 1598 1572 1928 1305 1427 1482 1013 1983 1458 1705 BCNSPRNW ULIB Ver.6.0+V

เปลี่ยนเป็นภาษาไทย

Change to English
 แสดงรายละเอียดบรรณานุกรม
  กลับหน้าหลัก

Brief Record : Get Marc (ISO 2709) : E-mail record : QR code < ปิดหน้าต่าง
LEADER : 00000nam 2200000uu 4500
001    13399112610
003     ULIB
008    110712s2548||||th 000 0 tha d
024    9746577649
060 04 WY157^bก836ท 2548
100 0  เทียมศร ทองสวัสดิ์
245    การพยาบาลหญิงมีครรภ์ที่มีภาวะแทรกซ้อน /^cเทียมศร ทองสวัสดิ์
250    พิมพ์ครั้งที่ 2
260    เชียงใหม่ :^bโครงการตำรา คณะพยาบาลศาสตร์มหาวิทยาลัยเชียงใหม่,^c2548
300    184 หน้า
650  7 การพยาบาลหญิงมรครรภ์ที่เป็นโรคเบาหวาน
650  7 การพยาบาลหญิงมีครรภ์ที่ติดเชื้อทางเพศสัมพันธ์
650  7 การพยาบาลหญิงมีครรภ์ที่เป็นโรคหัวใจ
650  7 การพยาบาลหญิงมีครรภ์ที่มีความดันโลหิตสูง
650  7 การพยาบาลหญิงมีครรภ์ที่มีภาวะตกเลือด
650  7 การพยาบาลหญิงมีครรภ์ที่มีโรคต่อมไทรอยด์
995    ทศพร
999    ^aใช้งานได้ทุกระบบ
รายการนี้ยังไม่มีแท็ก
คุณยังไม่ได้ล็อกอิน คุณสามารถมีกิจกรรมร่วมกับเว็บไซต์ได้ แต่ต้องล็อกอินก่อน ::
  ล็อกอิน

รายการสื่อสารสนเทศ

ลำดับที่ ประเภท เลขเรียก/บาร์โค้ด สถานที่ สถานะ
- ไม่พบข้อมูล -

BibComment


ยังไม่เคยถูกคอมเมนท์

คอมเมนท์ทรัพยากรรายการนี้
  คอมเมนท์: การพยาบาลหญิงมีคร..


 Copyright 2026. Bcnsprnw @Library